[Event "BSSZ_Aranytiz_IM"]
[Site "Budapest"]
[Date "2020.08.21"]
[Round "1.1"]
[White "Mouhamad, Joachim"]
[Black "Nemeth, Zoltan"]
[Result "1-0"]
[WhiteElo "2272"]
[BlackElo "2210"]
[PlyCount "77"]
[EventDate "2020.08.21"]
[EventType "tourn"]
[EventRounds "9"]
[EventCountry "HUN"]

1. e4 e5 2. Nf3 Nc6 3. Bb5 a6 4. Ba4 d6 5. c3 Bd7 6. O-O g6 7. d4 Bg7 8. dxe5
dxe5 9. Qe2 Nge7 10. Nbd2 O-O 11. Bc2 Qc8 12. a4 Nd8 13. Nc4 f6 14. Ne3 b5 15.
Rd1 Rb8 16. axb5 axb5 17. Ra5 c5 18. h4 Qc7 19. Ra1 Nf7 20. h5 Rbd8 21. hxg6
hxg6 22. Nh4 Kh7 23. Nd5 Nxd5 24. exd5 f5 25. Ra6 Nd6 26. Nf3 Nf7 27. Bg5 Rde8
28. Rda1 e4 29. Nh4 Nxg5 30. Nxg6 Bf6 31. Nxf8+ Rxf8 32. Qh5+ Kg7 33. Rxf6 Kxf6
34. Ra6+ Ke5 35. Qxg5 Kxd5 36. Bb3+ c4 37. Qd2+ Ke5 38. Qd4+ Kf4 39. g3+ 1-0

[Event "BSSZ_Aranytiz_IM"]
[Site "Budapest"]
[Date "2020.08.21"]
[Round "1.2"]
[White "Farago, Ivan"]
[Black "Zentai, Peter"]
[Result "1/2-1/2"]
[WhiteElo "2348"]
[BlackElo "2304"]
[PlyCount "97"]
[EventDate "2020.08.21"]
[EventType "tourn"]
[EventRounds "9"]
[EventCountry "HUN"]

1. d4 d5 2. c4 dxc4 3. e3 e5 4. Bxc4 exd4 5. exd4 Bd6 6. Nf3 Nf6 7. O-O O-O 8.
Nc3 Nc6 9. Bg5 h6 10. Bh4 Bg4 11. h3 Bxf3 12. Qxf3 Nxd4 13. Qxb7 Rb8 14. Qxa7
Ra8 15. Bxf6 Qxf6 16. Qb7 Qf4 17. g3 Nf3+ 18. Kh1 Qf5 19. Kg2 Nd2 20. Qd5 Qc2
21. Rfc1 Qxb2 22. Nd1 Qb4 23. a3 Qa5 24. Bb5 Rfd8 25. Bc6 Qxd5+ 26. Bxd5 Ra5
27. Ne3 Bc5 28. Nc4 Nxc4 29. Bxc4 Rxa3 30. Rxa3 Bxa3 31. Rc3 Bb2 32. Rd3 Bd4
33. Rf3 Rd7 34. Rf5 c5 35. Rd5 Rb7 36. Rd8+ Kh7 37. Ra8 Rc7 38. Rb8 g6 39. Bd5
Rd7 40. Bc4 Kg7 41. Ra8 Rb7 42. Bd5 Rb6 43. Ra7 Rf6 44. f3 Rf5 45. Bc4 h5 46.
h4 Rf6 47. Rb7 Rf5 48. Ra7 Rf6 49. Rb7 1/2-1/2

[Event "BSSZ_Aranytiz_IM"]
[Site "Budapest"]
[Date "2020.08.21"]
[Round "1.3"]
[White "Lyell, Mark"]
[Black "Paschall, William"]
[Result "1/2-1/2"]
[WhiteElo "2302"]
[BlackElo "2329"]
[PlyCount "72"]
[EventDate "2020.08.21"]
[EventType "tourn"]
[EventRounds "9"]
[EventCountry "HUN"]

1. e4 c5 2. Nc3 Nc6 3. f4 g6 4. Nf3 Bg7 5. a3 d6 6. Bc4 e6 7. O-O Nge7 8. Ba2
O-O 9. d3 Bd7 10. Qe1 Nd4 11. Nxd4 cxd4 12. Ne2 Rc8 13. Bb3 a5 14. a4 Rc5 15.
Bd2 Kh8 16. c3 Nc6 17. Qf2 e5 18. f5 gxf5 19. exf5 Bf6 20. Bh6 Bg5 21. Bxf8 Be3
22. Bxd6 Qb6 23. Qxe3 dxe3 24. Bxf7 Nd8 25. Bxc5 Qxc5 26. Bh5 Kg7 27. d4 exd4
28. Nxd4 Nc6 29. Nxc6 Bxc6 30. Rae1 Kf6 31. Kh1 Be4 32. Bf3 Bd3 33. Be2 Be4 34.
Bf3 Bd3 35. Be2 Be4 36. Bf3 Bd3 1/2-1/2

[Event "BSSZ_Aranytiz_IM"]
[Site "Budapest"]
[Date "2020.08.21"]
[Round "1.4"]
[White "Gombocz, Ferenc Jr"]
[Black "Paszewski, Mateusz"]
[Result "0-1"]
[WhiteElo "2209"]
[BlackElo "2243"]
[PlyCount "74"]
[EventDate "2020.08.21"]
[EventType "tourn"]
[EventRounds "9"]
[EventCountry "HUN"]

1. c4 c6 2. g3 d5 3. Nf3 Nf6 4. Bg2 dxc4 5. O-O Nbd7 6. Qc2 Nb6 7. Na3 Be6 8.
Ne5 h5 9. Naxc4 Nxc4 10. Nxc4 h4 11. Ne5 hxg3 12. hxg3 Qd4 13. Qc3 Rd8 14. Qxd4
Rxd4 15. e3 Rd8 16. d4 Bh3 17. b4 Bxg2 18. Kxg2 e6 19. Rb1 Nd5 20. Bd2 Bd6 21.
Nc4 Bc7 22. Rfc1 f5 23. Na5 Rb8 24. Nb3 Bd6 25. a3 Kd7 26. f3 Nf6 27. a4 g5 28.
Nc5+ Bxc5 29. dxc5 e5 30. Bc3 Ke6 31. f4 Ng4 32. Bxe5 Nxe5 33. fxe5 Rbd8 34. g4
Rd2+ 35. Kg3 Rhh2 36. gxf5+ Kxf5 37. Rg1 g4 0-1

[Event "BSSZ_Aranytiz_IM"]
[Site "Budapest"]
[Date "2020.08.21"]
[Round "1.5"]
[White "Geher, Koppany"]
[Black "Bodi, Tibor"]
[Result "0-1"]
[WhiteElo "2326"]
[BlackElo "2346"]
[PlyCount "76"]
[EventDate "2020.08.21"]
[EventType "tourn"]
[EventRounds "9"]
[EventCountry "HUN"]

1. e4 e5 2. Nf3 Nc6 3. Bb5 a6 4. Ba4 Nf6 5. O-O Be7 6. Re1 b5 7. Bb3 d6 8. a4
Bg4 9. c3 O-O 10. h3 Bxf3 11. Qxf3 Na5 12. Bc2 c5 13. d3 b4 14. Nd2 Rb8 15. Qd1
Qc7 16. Nc4 Nxc4 17. dxc4 bxc3 18. b3 Nd7 19. Qd3 Qa5 20. Qg3 Rfd8 21. Bh6 Bf6
22. h4 Nf8 23. Re3 Ne6 24. Bd1 Kh8 25. Bg5 Bxg5 26. hxg5 Qc7 27. Qg4 Qe7 28.
Rg3 Rf8 29. Rc1 f6 30. g6 h6 31. Rcxc3 Nd4 32. Qh4 Qb7 33. Rge3 f5 34. Bf3 f4
35. Re1 Qb4 36. Rcc1 Rf6 37. Kf1 Qxb3 38. Red1 Nxf3 0-1

[Event "BSSZ_Aranytiz_IM"]
[Site "Budapest"]
[Date "2020.08.22"]
[Round "2.1"]
[White "Nemeth, Zoltan"]
[Black "Bodi, Tibor"]
[Result "1/2-1/2"]
[WhiteElo "2210"]
[BlackElo "2346"]
[PlyCount "160"]
[EventDate "2020.08.21"]
[EventType "tourn"]
[EventRounds "9"]
[EventCountry "HUN"]

1. Nf3 d5 2. g3 Nc6 3. d4 Bg4 4. Bg2 Qd7 5. h3 Bxf3 6. exf3 g6 7. f4 Bg7 8. Be3
e6 9. c3 Nge7 10. Nd2 Nf5 11. a4 Nce7 12. b4 a5 13. b5 O-O 14. O-O c5 15. Nb3
cxd4 16. cxd4 b6 17. Qd3 Rac8 18. Rfc1 Nd6 19. g4 Rxc1+ 20. Bxc1 Rc8 21. Ba3
Nc4 22. Bxe7 Qxe7 23. f5 gxf5 24. gxf5 Qf6 25. Ra2 Nd6 26. fxe6 fxe6 27. Re2
Nf5 28. Rc2 Rf8 29. Rc7 Kh8 30. Qc2 Nh4 31. Rc3 Nf5 32. Rc8 Nxd4 33. Nxd4 Qxd4
34. Rxf8+ Bxf8 35. Qc8 Qa1+ 36. Bf1 Qg7+ 37. Bg2 Qe7 38. Bf3 Kg7 39. Bg4 Kf7
40. Qc6 Qd6 41. Qxd6 Bxd6 42. Kf1 Be5 43. Ke2 Ke7 44. Ke3 Kd6 45. Kd3 Bf4 46.
Bd1 Kc5 47. Kc3 Be5+ 48. Kb3 Bd4 49. Bg4 Kd6 50. f3 Bf6 51. Kc2 e5 52. Bf5 Kc5
53. Kb3 h6 54. Be6 Kd4 55. Kc2 Kc4 56. Bf7 Bg5 57. Be6 Be3 58. Kb2 Bd4+ 59. Ka3
Bc3 60. Bf7 Bb4+ 61. Kb2 Kd4 62. Kc2 Be1 63. Kb3 Bh4 64. Be6 e4 65. fxe4 dxe4
66. Bg4 Bf6 67. Bh5 Kd3 68. Bg6 Be7 69. Bf5 h5 70. Bg6 Bf6 71. Bf5 Kd4 72. Kc2
Be7 73. Bg6 Bf6 74. Bxh5 Kc4 75. Kd2 Bg5+ 76. Ke1 Bh4+ 77. Kf1 Kc3 78. Bd1 Kd2
79. Bh5 e3 80. Bg4 Bg3 1/2-1/2

[Event "BSSZ_Aranytiz_IM"]
[Site "Budapest"]
[Date "2020.08.22"]
[Round "2.2"]
[White "Paszewski, Mateusz"]
[Black "Geher, Koppany"]
[Result "1/2-1/2"]
[WhiteElo "2243"]
[BlackElo "2326"]
[PlyCount "61"]
[EventDate "2020.08.21"]
[EventType "tourn"]
[EventRounds "9"]
[EventCountry "HUN"]

1. d4 d5 2. c4 dxc4 3. e4 e5 4. Nf3 Bb4+ 5. Nc3 Nf6 6. Nxe5 b5 7. f3 Bb7 8. Be3
O-O 9. Be2 c5 10. O-O cxd4 11. Bxd4 a6 12. a3 Be7 13. Ng4 Nxg4 14. fxg4 Nd7 15.
Nd5 Nc5 16. Bxc5 Bxc5+ 17. Kh1 Re8 18. Bf3 Bd6 19. g3 Be5 20. Qc2 Qd6 21. Rad1
Qc5 22. g5 Rad8 23. Bh5 g6 24. Bf3 Bxd5 25. exd5 a5 26. Kg2 Qd6 27. Rfe1 Bg7
28. Rxe8+ Rxe8 29. a4 b4 30. Qxc4 Bxb2 31. Qc6 1/2-1/2

[Event "BSSZ_Aranytiz_IM"]
[Site "Budapest"]
[Date "2020.08.22"]
[Round "2.3"]
[White "Paschall, William"]
[Black "Gombocz, Ferenc Jr"]
[Result "0-1"]
[WhiteElo "2329"]
[BlackElo "2209"]
[PlyCount "92"]
[EventDate "2020.08.21"]
[EventType "tourn"]
[EventRounds "9"]
[EventCountry "HUN"]

1. e4 e5 2. Nf3 Nc6 3. Bc4 d6 4. O-O g6 5. c3 Bg7 6. d4 Qe7 7. Re1 Nf6 8. Na3
O-O 9. Nc2 h6 10. Bf1 Nh7 11. Ne3 exd4 12. cxd4 Qxe4 13. Bd3 Qe7 14. Ng4 Qd8
15. Nxh6+ Kh8 16. h4 f5 17. Bc4 d5 18. Bb5 f4 19. Bxc6 bxc6 20. Qc2 Bxh6 21.
Qxc6 Bf5 22. b3 Qd6 23. Qa4 Bd7 24. Qa5 Qb6 25. Qxd5 Bc6 26. Qc4 Bxf3 27. gxf3
Bg7 28. Re4 Rad8 29. Bb2 Qf6 30. Kg2 Rde8 31. Rxe8 Rxe8 32. Rh1 Qd6 33. Rc1 Re7
34. Bc3 Rd7 35. Re1 Nf8 36. Re8 Kh7 37. Re4 Qf6 38. Re1 c6 39. Ba1 Rd5 40. Qa4
Qxh4 41. Qxc6 Bxd4 42. Bxd4 Qg5+ 43. Kf1 Rxd4 44. Qe8 Kg8 45. Re7 Qf5 46. Rxa7
Rd1+ 0-1

[Event "BSSZ_Aranytiz_IM"]
[Site "Budapest"]
[Date "2020.08.22"]
[Round "2.4"]
[White "Zentai, Peter"]
[Black "Lyell, Mark"]
[Result "1-0"]
[WhiteElo "2304"]
[BlackElo "2302"]
[PlyCount "119"]
[EventDate "2020.08.21"]
[EventType "tourn"]
[EventRounds "9"]
[EventCountry "HUN"]

1. d4 f5 2. c4 Nf6 3. Nc3 e6 4. Nf3 Bb4 5. Qb3 c5 6. a3 Bxc3+ 7. Qxc3 b6 8. e3
Bb7 9. Be2 O-O 10. O-O Ne4 11. Qc2 d6 12. b4 Nd7 13. Bb2 Qe7 14. Rad1 Ng5 15.
Ne1 e5 16. bxc5 bxc5 17. dxe5 dxe5 18. Qd2 Rf7 19. f3 Bc6 20. Bc3 f4 21. exf4
exf4 22. Nd3 Ne6 23. Rfe1 Qg5 24. Kh1 Ba4 25. Rb1 Rd8 26. Bd1 Bxd1 27. Qxd1
Ndf8 28. Qe2 Nd4 29. Bxd4 Rxd4 30. Rb8 Qf6 31. Nxc5 Qd6 32. Rc8 Re7 33. Ne4 Rd2
34. Qf1 Qe6 35. Rb8 Ra2 36. Qd3 Rd7 37. Qb3 Rad2 38. Qb4 Rd8 39. h3 Qe5 40.
Rxd8 Rxd8 41. c5 Qd5 42. Rc1 Ne6 43. c6 Rc8 44. Qe7 Rc7 45. Qe8+ Nf8 46. Rc5
Qe6 47. Qa8 a5 48. Kh2 h6 49. Qa6 Ng6 50. Qxa5 Rc8 51. c7 Nh4 52. Qd2 Kh7 53.
Qd8 Nf5 54. Qd5 Qxd5 55. Rxd5 Ng3 56. Rc5 Nxe4 57. fxe4 Kg6 58. a4 Kf6 59. a5
Ke6 60. e5 1-0

[Event "BSSZ_Aranytiz_IM"]
[Site "Budapest"]
[Date "2020.08.22"]
[Round "2.5"]
[White "Mouhamad, Joachim"]
[Black "Farago, Ivan"]
[Result "0-1"]
[WhiteElo "2272"]
[BlackElo "2348"]
[PlyCount "86"]
[EventDate "2020.08.21"]
[EventType "tourn"]
[EventRounds "9"]
[EventCountry "HUN"]

1. e4 c5 2. Nf3 e6 3. d4 cxd4 4. Nxd4 a6 5. Bd3 Nf6 6. O-O Qc7 7. Qe2 d6 8. c4
g6 9. Nc3 Bg7 10. Nf3 O-O 11. h3 Nfd7 12. Bd2 Nc6 13. Rac1 Nde5 14. Rfd1 Bd7
15. Be3 Rac8 16. b3 Qa5 17. Bd2 Qc7 18. Bb1 Qb8 19. Bf4 b5 20. cxb5 Nxf3+ 21.
Qxf3 Nd4 22. Qe3 axb5 23. Rxd4 e5 24. Rd3 exf4 25. Qxf4 Be5 26. Qd2 Qa7 27. Kh1
b4 28. Nd1 Bb5 29. Rxc8 Rxc8 30. Rf3 Qc5 31. Bd3 Qc1 32. Qe2 Bxd3 33. Rxd3 Rc2
34. Qf1 Qf4 35. g3 Qxe4+ 36. Kg1 Rxa2 37. Ne3 Ra1 38. Rd1 Rxd1 39. Qxd1 Bxg3
40. Qc2 Qd4 41. Qc6 Be5 42. Kg2 Kg7 43. Qb7 Qf4 0-1

[Event "BSSZ_Aranytiz_IM"]
[Site "Budapest"]
[Date "2020.08.23"]
[Round "3.1"]
[White "Farago, Ivan"]
[Black "Nemeth, Zoltan"]
[Result "1-0"]
[WhiteElo "2348"]
[BlackElo "2210"]
[PlyCount "103"]
[EventDate "2020.08.21"]
[EventType "tourn"]
[EventRounds "9"]
[EventCountry "HUN"]

1. d4 d5 2. c4 dxc4 3. e3 e5 4. Bxc4 exd4 5. exd4 Bd6 6. Nf3 Nf6 7. O-O O-O 8.
Bg5 Bg4 9. Nbd2 Nc6 10. h3 Bh5 11. Ne4 Bxf3 12. Qxf3 Be7 13. Ng3 Qxd4 14. b3
Ne5 15. Qxb7 Nxc4 16. Nf5 Qc5 17. Nxe7+ Qxe7 18. bxc4 Qe4 19. Qxc7 Rfc8 20. Qg3
Ne8 21. Rfe1 Qxc4 22. Re7 Qd5 23. Bh6 Qd4 24. Rae1 Qf6 25. Qg4 Nc7 26. Bg5 Qg6
27. Qf3 Ne6 28. Be3 a6 29. Rd1 Rf8 30. Rdd7 Rae8 31. Rxe8 Rxe8 32. Qb7 Nf8 33.
Rc7 Qe6 34. a4 Rd8 35. Re7 Qc4 36. a5 h6 37. Rc7 Qe6 38. Re7 Qc4 39. Rc7 Qe6
40. Rc1 Ng6 41. Bb6 Re8 42. Qxa6 Nf4 43. Kh2 Qe4 44. Qf1 Re6 45. Rc4 Qf5 46. g4
Qd5 47. Rxf4 Qd6 48. Qc1 g5 49. Bc7 Qd5 50. Rf5 Qb7 51. Bg3 Qe7 52. Qc7 1-0

[Event "BSSZ_Aranytiz_IM"]
[Site "Budapest"]
[Date "2020.08.23"]
[Round "3.2"]
[White "Lyell, Mark"]
[Black "Mouhamad, Joachim"]
[Result "0-1"]
[WhiteElo "2302"]
[BlackElo "2272"]
[PlyCount "150"]
[EventDate "2020.08.21"]
[EventType "tourn"]
[EventRounds "9"]
[EventCountry "HUN"]

1. e4 e5 2. Nf3 Nc6 3. d4 exd4 4. Nxd4 Nf6 5. Nxc6 bxc6 6. e5 Qe7 7. Qe2 Nd5 8.
h4 f6 9. c4 Ba6 10. Rh3 fxe5 11. Bg5 Nf6 12. Re3 O-O-O 13. Nd2 h6 14. Ra3 hxg5
15. Rxa6 Kb7 16. Ra4 Rxh4 17. g3 Rh1 18. Nb3 Rb8 19. O-O-O Kc8 20. Rxa7 Qe6 21.
c5 Kd8 22. Ra4 Rh2 23. Qc2 Nd5 24. Bc4 Qf7 25. Qd2 Rxf2 26. Bxd5 cxd5 27. Qxd5
Qxd5 28. Rxd5 d6 29. cxd6 Bxd6 30. Rg4 Rb6 31. Rd2 Rf1+ 32. Kc2 Ke7 33. Re2 Kf6
34. Nd2 Kf5 35. Rc4 Rg1 36. Ne4 g4 37. b3 Rf1 38. Nf2 Rb4 39. Rxb4 Bxb4 40. Ne4
Be1 41. a4 Ba5 42. Kb2 Re1 43. Rxe1 Bxe1 44. Nc5 Bxg3 45. a5 Bf2 46. b4 g3 47.
a6 Bxc5 48. bxc5 g2 49. a7 g1=Q 50. a8=Q Qd4+ 51. Ka2 Qc4+ 52. Kb2 Qb4+ 53. Ka1
Qc3+ 54. Ka2 Qxc5 55. Qf3+ Ke6 56. Qg4+ Kd5 57. Qd7+ Qd6 58. Qxg7 Qa6+ 59. Kb1
Qd3+ 60. Ka2 Qc4+ 61. Kb1 Qe4+ 62. Ka2 Kc6 63. Qf6+ Kb7 64. Qf1 Qd5+ 65. Ka1
Qa5+ 66. Kb2 Qb6+ 67. Kc2 e4 68. Qf5 e3 69. Qf7 Qb5 70. Kc3 Qe5+ 71. Kd3 e2 72.
Qf3+ Ka7 73. Qf2+ Ka6 74. Qe1 Qd5+ 75. Ke3 Qd1 0-1

[Event "BSSZ_Aranytiz_IM"]
[Site "Budapest"]
[Date "2020.08.23"]
[Round "3.3"]
[White "Gombocz, Ferenc Jr"]
[Black "Zentai, Peter"]
[Result "1/2-1/2"]
[WhiteElo "2209"]
[BlackElo "2304"]
[PlyCount "87"]
[EventDate "2020.08.21"]
[EventType "tourn"]
[EventRounds "9"]
[EventCountry "HUN"]

1. c4 c6 2. g3 d5 3. Nf3 Nf6 4. Bg2 Bg4 5. Ne5 Be6 6. O-O dxc4 7. Qc2 Qd4 8.
Nf3 Qd5 9. Nc3 Qh5 10. Nd1 Nbd7 11. Nd4 Bh3 12. Ne3 Bxg2 13. Kxg2 Nb6 14. Nf3
e6 15. Nxc4 Nxc4 16. Qxc4 Qd5 17. b3 Be7 18. Bb2 O-O 19. Qxd5 cxd5 20. Rac1
Rfc8 21. d3 Kf8 22. a3 Nd7 23. b4 a6 24. Ne5 Nxe5 25. Bxe5 f6 26. Bb2 Ke8 27.
e3 Kd7 28. Kf3 Rxc1 29. Rxc1 a5 30. bxa5 Rxa5 31. Rc3 Rb5 32. Bc1 Rc5 33. Rxc5
Bxc5 34. Ke2 Kc6 35. a4 Bb4 36. Kd1 h5 37. f3 f5 38. h3 g6 39. Bb2 Bc5 40. Kd2
Kb6 41. Bc3 Kc6 42. f4 Be7 43. h4 Bc5 44. d4 1/2-1/2

[Event "BSSZ_Aranytiz_IM"]
[Site "Budapest"]
[Date "2020.08.23"]
[Round "3.4"]
[White "Geher, Koppany"]
[Black "Paschall, William"]
[Result "0-1"]
[WhiteElo "2326"]
[BlackElo "2329"]
[PlyCount "84"]
[EventDate "2020.08.21"]
[EventType "tourn"]
[EventRounds "9"]
[EventCountry "HUN"]

1. e4 c5 2. Nf3 Nc6 3. d4 cxd4 4. Nxd4 g6 5. c4 Bg7 6. Be3 Nf6 7. Nc3 Ng4 8.
Qxg4 Nxd4 9. Qd1 e5 10. Bd3 O-O 11. O-O b6 12. Qd2 Bb7 13. Rad1 Rc8 14. b3 Qe7
15. Rfe1 d6 16. f3 Ne6 17. Bf1 Rfd8 18. a4 Bc6 19. Ra1 Nc5 20. Reb1 a5 21. b4
axb4 22. Rxb4 Qc7 23. Qb2 Rb8 24. Nd5 Bxd5 25. cxd5 f5 26. Rb1 fxe4 27. fxe4
Ra8 28. Qc2 Qd7 29. h3 Qe7 30. Bb5 Qh4 31. Bc6 Ra5 32. Rxb6 Bh6 33. Bf2 Qf4 34.
Rb8 Rxb8 35. Rxb8+ Kg7 36. Bb5 Ra7 37. g3 Qf3 38. Be2 Qa3 39. Kg2 Be3 40. Bxe3
Qxe3 41. Rb4 Rf7 42. Bb5 Rf3 0-1

[Event "BSSZ_Aranytiz_IM"]
[Site "Budapest"]
[Date "2020.08.23"]
[Round "3.5"]
[White "Bodi, Tibor"]
[Black "Paszewski, Mateusz"]
[Result "1-0"]
[WhiteElo "2346"]
[BlackElo "2243"]
[PlyCount "97"]
[EventDate "2020.08.21"]
[EventType "tourn"]
[EventRounds "9"]
[EventCountry "HUN"]

1. e4 c5 2. Nf3 Nc6 3. Bb5 g6 4. O-O Bg7 5. c3 Nf6 6. Qe2 O-O 7. d4 cxd4 8.
cxd4 d5 9. e5 Ne4 10. Nbd2 Nxd2 11. Bxd2 Qb6 12. Bc3 Bg4 13. Bxc6 Qxc6 14. Rfc1
Rfc8 15. h3 Bxf3 16. Qxf3 e6 17. g4 Qd7 18. Kg2 Rc4 19. h4 Rac8 20. Rh1 b5 21.
a3 a5 22. Qd3 Qa7 23. h5 Qb6 24. hxg6 hxg6 25. Rad1 b4 26. axb4 axb4 27. Be1
Rc1 28. Bd2 Rxd1 29. Rxd1 Rc4 30. Be3 Qc6 31. Rh1 Rc2 32. Bg5 Kf8 33. Qh3 Ke8
34. Qh7 Bf8 35. Qg8 Rxf2+ 36. Kxf2 Qc2+ 37. Kg3 Qd3+ 38. Kh4 Qe2 39. Bf4 Qf3
40. Ra1 Qxf4 41. Ra8+ Kd7 42. Qxf8 g5+ 43. Kh5 Qh2+ 44. Kxg5 Qd2+ 45. Kf6 Qf4+
46. Kg7 Qxg4+ 47. Kh8 Qh5+ 48. Kg8 Qg5+ 49. Qg7 1-0

[Event "BSSZ_Aranytiz_IM"]
[Site "Budapest"]
[Date "2020.08.24"]
[Round "4.1"]
[White "Nemeth, Zoltan"]
[Black "Paszewski, Mateusz"]
[Result "0-1"]
[WhiteElo "2210"]
[BlackElo "2243"]
[PlyCount "122"]
[EventDate "2020.08.21"]
[EventType "tourn"]
[EventRounds "9"]
[EventCountry "HUN"]

1. d4 d5 2. c4 c6 3. e3 Nf6 4. Nf3 e6 5. Bd3 dxc4 6. Bxc4 Nbd7 7. O-O Bd6 8.
Qe2 O-O 9. Rd1 Qe7 10. h3 e5 11. dxe5 Nxe5 12. Nxe5 Qxe5 13. f4 Qe7 14. Nc3 Bc5
15. Kh2 Bf5 16. g4 Be6 17. g5 Bxc4 18. Qxc4 Nh5 19. Qe2 g6 20. e4 Bb4 21. e5
Bxc3 22. bxc3 Rfd8 23. Be3 b6 24. Rxd8+ Rxd8 25. Rd1 Rxd1 26. Qxd1 Qe6 27. Qa4
Qd7 28. Qc2 Qd5 29. Qf2 c5 30. Bc1 Kf8 31. Qe2 Ng7 32. c4 Qd4 33. Kg2 Ne6 34.
Kg3 Qc3+ 35. Be3 Nd4 36. Qd2 Qxc4 37. Bxd4 cxd4 38. Qg2 Qd3+ 39. Kg4 Qf5+ 40.
Kg3 Qd7 41. Kf2 Kg7 42. Qe4 Qe6 43. Qxd4 Qxa2+ 44. Kg3 Qb3+ 45. Kh4 Qe6 46. Kg3
a5 47. Qa1 h6 48. gxh6+ Kxh6 49. Qa3 Kg7 50. Qa1 Kh7 51. Qa3 Kg8 52. h4 Kg7 53.
Qa1 Kf8 54. Qd1 Kg8 55. Qa1 Qb3+ 56. Kg4 a4 57. h5 gxh5+ 58. Kxh5 Qh3+ 59. Kg5
Qg3+ 60. Kf6 Kf8 61. Qb1 Qg7+ 0-1

[Event "BSSZ_Aranytiz_IM"]
[Site "Budapest"]
[Date "2020.08.24"]
[Round "4.2"]
[White "Paschall, William"]
[Black "Bodi, Tibor"]
[Result "0-1"]
[WhiteElo "2329"]
[BlackElo "2346"]
[PlyCount "66"]
[EventDate "2020.08.21"]
[EventType "tourn"]
[EventRounds "9"]
[EventCountry "HUN"]

1. Nf3 Nf6 2. d4 e6 3. c4 d5 4. Nc3 Nbd7 5. Bg5 c6 6. e3 Qa5 7. Nd2 Bb4 8. Qc2
O-O 9. Be2 e5 10. dxe5 Ne4 11. Ndxe4 dxe4 12. O-O Bxc3 13. Qxc3 Qxc3 14. bxc3
Nxe5 15. Bf4 Nd3 16. Bd6 Rd8 17. c5 b6 18. Bc7 Rd7 19. cxb6 axb6 20. Bxb6 Rb7
21. Bd4 Rb2 22. Bxd3 exd3 23. a4 Be6 24. Rab1 Rxb1 25. Rxb1 h5 26. f3 Rxa4 27.
Rd1 Bc4 28. Rd2 f6 29. e4 Kf7 30. Kf2 Ke6 31. Rb2 Ra1 32. Be3 h4 33. h3 Rf1+
0-1

[Event "BSSZ_Aranytiz_IM"]
[Site "Budapest"]
[Date "2020.08.24"]
[Round "4.3"]
[White "Zentai, Peter"]
[Black "Geher, Koppany"]
[Result "0-1"]
[WhiteElo "2304"]
[BlackElo "2326"]
[PlyCount "68"]
[EventDate "2020.08.21"]
[EventType "tourn"]
[EventRounds "9"]
[EventCountry "HUN"]

1. d4 Nf6 2. c4 g6 3. Nc3 d5 4. cxd5 Nxd5 5. e4 Nxc3 6. bxc3 Bg7 7. Bb5+ c6 8.
Ba4 O-O 9. Ne2 b5 10. Bb3 a5 11. O-O b4 12. cxb4 axb4 13. Be3 c5 14. Rc1 cxd4
15. Nxd4 Bb7 16. f3 Qa5 17. Rf2 e6 18. Rd2 Na6 19. Qe2 Rac8 20. Rdc2 Rc3 21.
Rxc3 bxc3 22. Qe1 Rd8 23. Rd1 Nc5 24. Nc2 Nxb3 25. axb3 h5 26. h3 Kh7 27. Rxd8
Qxd8 28. Qe2 Qd6 29. b4 Ba6 30. Qf2 Qd1+ 31. Kh2 Bd3 32. Ne1 c2 33. Nxd3 Qxd3
34. Bc1 Bd4 0-1

[Event "BSSZ_Aranytiz_IM"]
[Site "Budapest"]
[Date "2020.08.24"]
[Round "4.4"]
[White "Mouhamad, Joachim"]
[Black "Gombocz, Ferenc Jr"]
[Result "0-1"]
[WhiteElo "2272"]
[BlackElo "2209"]
[PlyCount "70"]
[EventDate "2020.08.21"]
[EventType "tourn"]
[EventRounds "9"]
[EventCountry "HUN"]

1. e4 e5 2. Nf3 Nc6 3. Bb5 a6 4. Ba4 d6 5. O-O Bg4 6. c3 Qf6 7. d3 Nge7 8. Be3
Bxf3 9. Qxf3 Qxf3 10. gxf3 g5 11. Rd1 h6 12. b4 O-O-O 13. Bb3 Rh7 14. Nd2 Ng6
15. Kf1 Kb8 16. a4 Nce7 17. a5 f5 18. exf5 Nxf5 19. Be6 Ngh4 20. Rab1 d5 21.
Bc5 Bxc5 22. bxc5 c6 23. c4 Nd4 24. cxd5 cxd5 25. Rb6 Re7 26. Bg4 Nc6 27. Rdb1
Ka7 28. Ra1 Ng6 29. f4 Nxf4 30. Ra3 Ne6 31. Bd1 Nxc5 32. Rc3 Ne6 33. Nf3 e4 34.
Rcxc6 bxc6 35. Ne5 Nd4 0-1

[Event "BSSZ_Aranytiz_IM"]
[Site "Budapest"]
[Date "2020.08.24"]
[Round "4.5"]
[White "Farago, Ivan"]
[Black "Lyell, Mark"]
[Result "0-1"]
[WhiteElo "2348"]
[BlackElo "2302"]
[PlyCount "82"]
[EventDate "2020.08.21"]
[EventType "tourn"]
[EventRounds "9"]
[EventCountry "HUN"]

1. d4 f5 2. c4 Nf6 3. g3 e6 4. Bg2 d5 5. Nf3 Bd6 6. c5 Be7 7. O-O b6 8. b4 a5
9. cxb6 axb4 10. bxc7 Qxc7 11. Bf4 Qb6 12. Nbd2 O-O 13. Qb3 Nc6 14. e3 Na5 15.
Qc2 Ba6 16. Bc7 Qb7 17. Rfc1 Nc4 18. Nxc4 Bxc4 19. Bf4 Rfc8 20. Qb2 Qa6 21. Nd2
Ne4 22. Nxe4 fxe4 23. f3 exf3 24. Bxf3 Qa3 25. Qd2 b3 26. axb3 Qxa1 27. bxc4
Qa3 28. c5 Qa2 29. Rc2 Qb1+ 30. Kg2 Ra1 31. Kh3 g5 32. Be5 Rf8 33. Bg4 h5 34.
Bxh5 Qf1+ 35. Qg2 Qf5+ 36. g4 Qd3 37. Bg3 Qxe3 38. Re2 Qxd4 39. Rxe6 Bxc5 40.
Qc2 Rf6 41. Rxf6 Qxf6 0-1

[Event "BSSZ_Aranytiz_IM"]
[Site "Budapest"]
[Date "2020.08.25"]
[Round "5.1"]
[White "Lyell, Mark"]
[Black "Nemeth, Zoltan"]
[Result "0-1"]
[WhiteElo "2302"]
[BlackElo "2210"]
[PlyCount "114"]
[EventDate "2020.??.??"]

1. e4 c6 2. Nc3 d5 3. Nf3 Bg4 4. h3 Bxf3 5. Qxf3 e6 6. d3 Nd7 7. Bd2 Ngf6 8. g4
dxe4 9. dxe4 h6 10. O-O-O Qc7 11. Bf4 e5 12. Be3 Bb4 13. Ne2 O-O-O 14. Ng3 Nb6
15. Bd3 Na4 16. Bc4 Bc5 17. Nf5 Bxe3+ 18. Qxe3 Nb6 19. Bb3 c5 20. c3 c4 21. Bc2
Rxd1+ 22. Rxd1 Ne8 23. a4 a5 24. Ne7+ Kb8 25. Nd5 Nxd5 26. Rxd5 b6 27. Rb5 Kb7
28. b4 cxb3 29. Bxb3 Nf6 30. Bxf7 Rc8 31. Kb2 Qd6 32. c4 Nd7 33. Bd5+ Ka6 34.
f4 exf4 35. Qd4 Ne5 36. Kb1 Nxc4 37. Qxg7 Rc7 38. Qh8 Na3+ 39. Ka2 Nxb5 40.
axb5+ Kxb5 41. Qb2+ Qb4 42. Qe2+ Kc5 43. Qc2+ Kd6 44. e5+ Kxe5 45. Qxc7+ Kxd5
46. Qf7+ Ke4 47. Qe6+ Kd3 48. Qxh6 Kc3 49. Qf6+ Kd2 50. g5 Qa4+ 51. Kb2 Qc2+
52. Ka1 Qc3+ 53. Ka2 f3 54. Qxb6 Qc4+ 55. Kb2 Ke2 56. Qxa5 f2 57. Qe5+ Kf3 0-1

[Event "BSSZ_Aranytiz_IM"]
[Site "Budapest"]
[Date "2020.08.25"]
[Round "5.2"]
[White "Gombocz, Ferenc Jr"]
[Black "Farago, Ivan"]
[Result "1-0"]
[WhiteElo "2209"]
[BlackElo "2348"]
[PlyCount "107"]
[EventDate "2020.??.??"]

1. c4 Nf6 2. g3 e5 3. Bg2 d5 4. cxd5 Nxd5 5. Nf3 Nc6 6. O-O Nb6 7. b3 Bd6 8.
Bb2 O-O 9. Nc3 Re8 10. d3 Bg4 11. h3 Bh5 12. Ne4 Bf8 13. Rc1 Nd7 14. g4 Bg6 15.
Ng3 a5 16. Nd2 Nc5 17. Nc4 f6 18. Ne3 Bf7 19. Rc3 Nb4 20. Qb1 Nd5 21. Nxd5 Bxd5
22. Ne4 Nxe4 23. dxe4 Be6 24. Qc1 c6 25. Rd1 Qb6 26. e3 a4 27. Bf1 axb3 28.
axb3 Bb4 29. Rcd3 Qc5 30. Bc3 Bxc3 31. Rxc3 Qb4 32. Bc4 Bxc4 33. bxc4 Ra2 34.
Rcd3 Qb2 35. Qxb2 Rxb2 36. Rd7 Kf8 37. c5 Re7 38. Rd8+ Kf7 39. Rc1 Rb4 40. f3
Rb2 41. h4 Kg6 42. Rcd1 h5 43. gxh5+ Kxh5 44. Rh8+ Kg6 45. h5+ Kg5 46. Rh7 f5
47. Kh1 fxe4 48. Rg1+ Kf5 49. fxe4+ Ke6 50. Rg6+ Kd7 51. Rgxg7 Rxg7 52. Rxg7+
Ke8 53. h6 Kf8 54. Rg1 1-0